000
00273nam a2200109Ia 4500
008
230312s9999||||xx |||||||||||||| ||und||
082
_a
759.95491
_b
WEL-I
100
_a
Wellet richard
245
0
_a
Innovation in landscape architecture
650
_a
Architecture
942
_c
BK
999
_c
14492
_d
14492